| 000 | 00338nam a22001217a 4500 | ||
|---|---|---|---|
| 999 |
_c2975 _d2975 |
||
| 005 | 20200925132425.0 | ||
| 008 | 200925b ||||| |||| 00| 0 eng d | ||
| 020 | _a0850310962 | ||
| 040 | _cCML | ||
| 245 |
_aThird World Voices for Children. _cMcDowell, R.E. |
||
| 260 |
_aLondon _bAllison & Busby _c1973 |
||
| 942 |
_2ddc _cBK _e1st Edition _kF _mMCD |
||